000 00643nam a2200217Ia 4500
005 20241129115520.0
008 241129s9999||||xx |||||||||||||| ||und||
020 _a9780190130053
037 _aTB
040 _aSDCL
_beng
_cSDCL
041 _aeng
_2eng
084 _aX:77 R1;1
_qSDCL
100 _aBasu Kaushik Ed.; Ghatak Maitreesh Ed.; Kletzer kenneth Ed.; Mundle Sudipto Ed.
_9727631
245 0 _aDevelopment, distribution, and markets
260 _aNew Delhi
_bOxford University Press
_c2021
300 _axvii,328p.
365 _aINR
_b1495
650 _aGift
942 _cTB
_hX:77 R1;1
999 _c1230766
_d1230766